000 00681nam a2200289Ia 4500
008 160803s9999 xx 000 0 und d
020 _a978-0743253970
100 _aKnowles, John
245 2 _aA separate peace /
245 _cby John Knowles.
260 _aNew York :
260 _bScholastic Inc.
260 _c1987
300 _a256 pages :
300 _c18 cm.
650 _aBoys --
650 _aDeath --
650 _aFriendship --
650 _aNew Hampshire --
650 _aPreparatory school students --
650 _xFiction.
650 _xFiction.
650 _xFiction.
650 _xFiction.
650 _xFiction.
700 _a1110
999 _c298615
_d298615